Konkurencieschopnosť podniku dosahovaná prostredníctvom dobrovoľných nástrojov environmentálnej politiky

Environmentálna politika. Projekty, opatrenia a programy environmentálnej politiky SR. Dobrovoľné nástroje environmentálnej politiky. Ecolabelling - environmentálne označovanie produktov alebo služieb. Environmentálne vhodný produkt. Environmentálna značka EÚ.

Na minha lista:
Detalhes bibliográficos
Autor principal: Boorová, Brigita, 1979-
Outros Autores: Škriniar, Pavel, 1979-
Formato: Capítulo de Livro
Idioma:eslovaco
Assuntos:
Tags: Adicionar Tag
Sem tags, seja o primeiro a adicionar uma tag!

MARC

LEADER 00000nla a2200000 4500
001 0225846
005 20240502083604.1
041 0 |a slo 
044 |a CZ 
245 1 0 |a Konkurencieschopnosť podniku dosahovaná prostredníctvom dobrovoľných nástrojov environmentálnej politiky  |c Brigita Boorová, Pavel Škriniar 
520 |a Environmentálna politika. Projekty, opatrenia a programy environmentálnej politiky SR. Dobrovoľné nástroje environmentálnej politiky. Ecolabelling - environmentálne označovanie produktov alebo služieb. Environmentálne vhodný produkt. Environmentálna značka EÚ. 
610 2 0 |a politika environmentálna 
610 2 0 |a ochrana prostredia životného 
610 2 0 |a konkurencieschopnosť 
610 2 0 |a značky environmentálne 
610 2 0 |a produkty 
100 1 |a Boorová, Brigita, 1979- 
700 1 |a Škriniar, Pavel, 1979-